[Event "Anti Cheating Blitz Cup"]
[Site "Chess.com INT"]
[Date "2020.05.20"]
[Round "2"]
[White "Petrenko, Grigory"]
[Black "Iannello, Antonio"]
[Result "0-1"]
[WhiteElo "1698"]
[BlackElo "1885"]
[PlyCount "112"]
[EventDate "2020.05.20"]
[EventType "swiss (blitz)"]
[EventRounds "11"]
[EventCountry "USA"]
[SourceTitle "CBM 196 Extra"]
[Source "ChessBase"]
[SourceDate "2020.07.31"]
[SourceVersion "1"]
[SourceVersionDate "2020.07.31"]
[SourceQuality "1"]

1. d4 Nf6 2. c4 g6 3. Nc3 d5 4. Nf3 Bg7 5. Bf4 0-0 6. e3 c6 7. Be2 Nbd7 8. 0-0 Nh5 9. Bg3 Nxg3 10. fxg3 dxc4 11. Bxc4 Nb6 12. Bb3 a5 13. a3 Bg4 14. Ba2 Nd5 15. Nxd5 cxd5 16. Qb3 e6 17. Ne5 Bf5 18. Bb1 Bxb1 19. Raxb1 Qd6 20. Nd3 b6 21. Rbc1 Rac8 22. Rc3 Rxc3 23. Qxc3 Bh6 24. Ne5 b5 25. Ng4 Bg7 26. Nf6+ Kh8 27. Ng4 b4 28. axb4 axb4 29. Qc2 Qd7 30. Rc1 h5 31. Nf2 Bh6 32. Nd1 Qb5 33. Qf2 Qd3 34. h3 Kg7 35. Kh2 Ra8 36. Qf3 Ra2 37. Rc7 Qf5 38. Qe2 Ra1 39. Nf2 Rb1 40. Nd3 b3 41. Ne5 Bg5 42. Rxf7+ Qxf7 43. Nxf7 Kxf7 44. Qf3+ Bf6 45. Qe2 Rc1 46. Qd3 Rb1 47. Qxb3 Kg7 48. Qb7+ Kh6 49. b4 Bg5 50. b5 Bxe3 51. b6 Bg1+ 52. Kh1 Bxd4+ 53. Kh2 Bg1+ 54. Kh1 Bxb6+ 55. Kh2 Bg1+ 56. Kh1 Rxb7 0-1